| 000 | 00583nam a22001817a 4500 | ||
|---|---|---|---|
| 008 | 230322b |||||||| |||| 00| 0 eng d | ||
| 020 | _a978-81-8274-383-0 | ||
| 040 |
_aNational Science Library _cNational Science Library |
||
| 080 |
_aD 025.3 _bP9 |
||
| 100 |
_aFritz, Deborah A _92268 |
||
| 245 |
_aCataloging with AACR2 & MARC21: _bFor books, electronic resources, sound recordings, video recordings, and serials |
||
| 250 | _a2nd ed. | ||
| 260 |
_aNew Delhi: _bPentagon Press, _c2009 |
||
| 300 | _axii, I-42p. | ||
| 650 | _aCataloging | ||
| 653 | _aTags | ||
| 942 |
_2udc _cBK |
||
| 999 |
_c12338 _d12338 |
||